Datum a čas kvízu
36.5
Celkem bodů
Celkový počet nahraných bodů na tomto kvízu bez doplňovacích otázek.
3.
Pořadí na kvízu
Konečné umístění týmu na tomto kvízu.
Zaznamenané odpovědi
| # | Otázka | Odpověď | Body | Výsledky |
|---|---|---|---|---|
| 1. | Žena jednoho bývalého českého... | Petr Nečas | 1 | |
| 2. | V Pekingu byla minulý týden v... | Labubu | 1 | |
| 3. | Minulý týden proběhl v Hradci... | 30. ročník, Guns N' Roses | 0 | |
| 4. | Mediální skupina Mafra ve čtvr... | Ticketportal | 1 | |
| 5. | V neděli skončil 77. ročník cy... | Dauphiné | 0 | |
| 6. | Toto téma začneme prostě, a to... | Chiméra | 0 | |
| 7. | Termínem Jókai (Yōkai) se ozna... | A | 0 | |
| 8. | V roce 2009 byl Rodinným autem... | Škoda Yeti | 1 | |
| 9. | V této otázce bude vaším úkole... | 1D 2C 3B 4A | 1 | |
| 10. | Na závěr jedno české mytologic... | Blaník | 1 |